Dynamic general equilibrium modelling : computational methods and applications
Αποθηκεύτηκε σε:
| Κύριος συγγραφέας: | |
|---|---|
| Άλλοι συγγραφείς: | |
| Μορφή: | Βιβλίο |
| Γλώσσα: | English |
| Δημοσίευση: |
Berlin ; : New York, NY :
Springer,
c2005
|
| Θέματα: | |
| Ετικέτες: |
Προσθήκη ετικέτας
Δεν υπάρχουν, Καταχωρήστε ετικέτα πρώτοι!
|
MARC
| LEADER | 00000nam a2200000 i 4500 | ||
|---|---|---|---|
| 001 | 1/64111 | ||
| 008 | 071122s2005 eng d | ||
| 020 | |a 3-540-22095-X | ||
| 035 | |l 10092486 | ||
| 040 | |a GR-MY-UA |b gre |e aacr | ||
| 041 | 0 | |a eng | |
| 082 | 0 | |a 339.5 |2 (22) | |
| 100 | 1 | |a Heer, Burkhard. | |
| 245 | 1 | 0 | |a Dynamic general equilibrium modelling : |b computational methods and applications / |c Burkhard Heer, Alfred Maussner |
| 260 | |a Berlin ; : |a New York, NY : |b Springer, |c c2005 | ||
| 300 | |a xix, 540 σ.; |b εικ.; |c 24 εκ. | ||
| 504 | |a Περιέχει βιβλιογραφικές παραπομπές (σ. [511]-526) και ευρετήρια | ||
| 650 | 0 | 0 | |a Equilibrium (Economics) |x Mathematical models. |
| 650 | 0 | 0 | |a Economics, Mathematical. |
| 700 | 1 | |a Maussner, Alfred. | |
| 852 | |a INST |b SAMOS |e 20071122 |h 339.5 HEE |p 005300027734 |q 005300027734 |t BK |y 0 | ||
| 901 | |a BIBL3-2007-3 | ||
| 909 | |a Σ |b 140273 | ||
| 922 | |a 3ΕΛΗ |b 200711 |c ΕΠΕΑΕΚ2/ΤΣΑΕ |d ΠΑΠΑΣΩΤΗΡΙΟΥ | ||
| 970 | |a ΡΟΥΣΣΟΥ |b ΚΩΝΣΤΑΝΤΙΝΑ |z 2007/11/22 | ||